000 00931nam a2200277 i 4500
001 bg
100 1 _aORZECHOWSKI, Zdzisław
245 1 0 _aĆwiczenia audytoryjne z mechaniki płynów /
_cZdzisław Orzechowski, Paweł Wiewiórski ; Politechnika Łódzka.
250 _aWyd. 6 popr.
260 _aŁódź :
_bPŁ,
_c1999.
300 _a444 s. :
_brys., wykr. ;
_c24 cm.
500 _aNa s. 4 okł. błędny ISBN.
504 _aBibliogr. s. 444.
521 _aSkrypt do programu studiów magisterskich na Wydz. Mechanicznym i Wydz. Architektury i Budownictwa - kierunek Inżynieria Środowiska.
650 9 _aMechanika płynów
655 _aĆwiczenia i zadania
700 1 _aWIEWIÓRSKI, Paweł
710 0 _aPolitechnika Łódzka
020 _a8387198374
040 _cBPK
041 0 _apl
080 _a532(075.8)(076)
920 _a83-87198-37-4
942 _cKS
008 s pl f |000 0 pol
999 _c38040
_d38040
856 _uhttp://koha.tu.koszalin.pl/cgi-bin/koha/opac-detail.pl?biblionumber=38040
_yKatalog online BPK